000 00585nam a2200229Ia 4500
003 OSt
005 20220918184307.0
006 a|||||r|||| 00| 0
007 ta
008 220917b |||||||| |||| 00| 0 eng d
024 _a45,702
037 _cTextual
040 _aARTS
_cARTS
_beng
041 _2eng
_aeng
082 _aO9xM85, K0
100 _aHough Graham
245 0 _aImage and experience
_b studies in a literay revolution
260 _c1960
650 _aENGLISH LITERATURE
942 _hO9xM85, K0
_cTEXL
_2CC
999 _c175894
_d175894